Cultura y trabajo: colección de obras visuales

Uloženo v:
Podrobná bibliografie
Hlavní autoři: Campaña, Claudia (Autor), Celedón, Pedro (Autor)
Korporativní autor: ACHS (Autor)
Další autoři: Mellado Suazo, Justo Pastor (autor)
Médium: Kniha
Jazyk:španělština
Vydáno: Santiago Asociación Chilena de Seguridad 2006
Vydání:1a. ed
Témata:
Tagy: Přidat tag
Žádné tagy, Buďte první, kdo vytvoří štítek k tomuto záznamu!

MARC

LEADER 00000nam a2200000 a 4500
001 UCJ9735
003 CL-VaPUC
008 070405e20060000CL |||||||||||||||||spa|d
020 |a 9568106790 
082 0 4 |a 709.83  |b CAM  |2 21 
100 0 |a Campaña, Claudia  |e author  |9 519788 
700 0 |a Celedón, Pedro  |e author  |9 519789 
700 |a Mellado Suazo, Justo Pastor  |e autor  |9 493615 
110 2 |a ACHS  |e author  |9 519791 
245 1 0 |a Cultura y trabajo: colección de obras visuales 
250 |a 1a. ed 
300 |a 229 p 
942 |c BK 
945 |d 20070405 00:00:00  |a cmena 
260 |a Santiago  |b Asociación Chilena de Seguridad  |c 2006 
650 0 |a Artistas chilenos  |9 344566 
650 0 |a Artes visuales  |9 336870 
650 7 |a PINTURAS CHILENAS  |2 CL-VaPUC  |9 519549 
650 0 |a Responsabilidad social  |9 339076 
650 7 |a ESCULTURAS CHILENAS  |2 CL-VaPUC  |9 493052 
583 |a last modification  |c 20070405 00:00:00  |k Rodrigo Vera 
999 |c 325146  |d 325144 
952 |0 0  |1 0  |4 0  |6 709_830000000000000_CAM_2006  |7 0  |8 P  |9 405750  |a BIBARQ  |b BIBARQ  |d 2019-11-22  |i 4328779  |o 709.83 CAM 2006  |p 4328779  |r 2025-01-20  |w 2019-11-22  |y BK  |k ARQ